| 000 | 00719nam a2200181 a 4500 | ||
|---|---|---|---|
| 001 | 000016658 | ||
| 005 | 20200929164937.0 | ||
| 008 | 100308s2002 dr a 001 0 spa d | ||
| 040 |
_aDO-SdBNP _bspa _cBNPHU |
||
| 082 |
_axxxx _bI561i |
||
| 245 | 0 | 0 |
_aIniciativas institucionales para un nuevo modelo económico : _banteproyecto de la ley orgánica de presupuesto / _cprólogo Carlos R. Salcedo C., Mercedes Guzmán. |
| 260 |
_aSanto Domingo : _bLeón Jimenes _bFINJUS, _c2002. |
||
| 300 |
_a102 p. : _bil. ; _c27 cm. _fBúho |
||
| 700 | 1 |
_aSalcedo C., Carlos R. _epról. _937009 |
|
| 700 | 1 |
_aGuzmán, Mercedes _epról. _937010 |
|
| 710 | 1 |
_aFundación Institucional y Justicia (República Dominicana) _914318 |
|
| 049 | _aBNPD | ||
| 999 |
_c16191 _d16191 |
||